| 000 | 00592nam a22001937a 4500 | ||
|---|---|---|---|
| 003 | 0 | ||
| 005 | 20251112084553.0 | ||
| 008 | 251112b xxu||||| |||| 00| 0 eng d | ||
| 020 | _a978-0-446-55160-1 | ||
| 050 |
_aPS 3553 _b.C66 2008 |
||
| 100 |
_aConnelly, Michael, _eauthor. |
||
| 245 |
_aThe Brass verdict / _cMichael Connelly. |
||
| 260 |
_aNew York, NY : _bGrand Central Publishing, _c2008. |
||
| 300 |
_a516 pages ; _c18 cm. |
||
| 600 |
_aConnelly, Michael _xFiction. |
||
| 650 |
_aMystery fiction _zCalifornia _zLos Angeles (fiction). |
||
| 650 |
_aLawyers _xFiction. |
||
| 942 |
_2lcc _cBK |
||
| 999 |
_c368604 _d368604 |
||